| 000 | 00573nam a2200217Ia 4500 | ||
|---|---|---|---|
| 003 | OSt | ||
| 005 | 20230603111110.0 | ||
| 008 | 210423s2017 xx 000 0 und d | ||
| 020 | _a978-93-86016-56-0 | ||
| 040 | _cAL | ||
| 041 | _aeng | ||
| 082 | _a658.3044 DESP | ||
| 100 |
_aDESHMUKH (J) _9119199 |
||
| 245 | _aProfessional and personal development | ||
| 260 |
_aKanpur _bChandralok Prakashan _c2017 |
||
| 300 |
_a336 _bHB |
||
| 365 |
_b1350 _cINR |
||
| 650 |
_aPersonnel Management _9119200 |
||
| 906 | _adevelopment ; personal ; Professional | ||
| 942 |
_2ddc _cBK |
||
| 999 |
_c176535 _d176535 |
||